000 00294nam a2200109Ia 4500
008 220216s9999 xx 000 0 und d
100 _aSivanadyan K
245 0 _aAgronomic potential of natural rubber serum powder
650 _aNatural Rubber serum powder
700 _aAsokumar A
942 _cJS
999 _c54007
_d54007